Critical reasoning : understanding and criticizing arguments and theories
| Main Author: | |
|---|---|
| Format: | Book |
| Published: |
California :
Wadsworth Publishing Co. 982
|
| Edition: | 3rd. ed |
| Subjects: |
MARC
| LEADER | 00000cam a2200000 7i4500 | ||
|---|---|---|---|
| 001 | 0000006043 | ||
| 002 | 000006531 | ||
| 005 | 20000330.0 | ||
| 020 | |a 0534146880 | ||
| 090 | 0 | 0 | |a 160 |b CED |
| 100 | 1 | |a Cederblom, Jerry | |
| 245 | 1 | 0 | |a Critical reasoning : |b understanding and criticizing arguments and theories |c Jerry Cederblom |
| 250 | |a 3rd. ed | ||
| 260 | |a California : |b Wadsworth Publishing Co. 982 | ||
| 300 | |a 416p. ; |c 23cm. | ||
| 650 | 0 | 0 | |a Reasoning |
| 999 | |a 037873 |b BUKU |c PINJAMAN |e PERPUSTAKAAN KOMUNITI PETALING JAYA | ||